<?xml version="1.0" encoding="UTF-8"?>
<record
    xmlns:xsi="http://www.w3.org/2001/XMLSchema-instance"
    xsi:schemaLocation="http://www.loc.gov/MARC21/slim http://www.loc.gov/standards/marcxml/schema/MARC21slim.xsd"
    xmlns="http://www.loc.gov/MARC21/slim">

  <leader>00947    a2200241   4500</leader>
  <datafield tag="999" ind1=" " ind2=" ">
    <subfield code="c">95069</subfield>
    <subfield code="d">95069</subfield>
  </datafield>
  <controlfield tag="005">20180806094756.0</controlfield>
  <controlfield tag="008">180806b           ||||| |||| 00| 0 eng d</controlfield>
  <datafield tag="020" ind1=" " ind2=" ">
    <subfield code="a">9789814695046</subfield>
  </datafield>
  <datafield tag="040" ind1=" " ind2=" ">
    <subfield code="a">NALT</subfield>
  </datafield>
  <datafield tag="050" ind1=" " ind2=" ">
    <subfield code="a">DS 501</subfield>
    <subfield code="b">I59T no.9 2015</subfield>
  </datafield>
  <datafield tag="100" ind1="0" ind2=" ">
    <subfield code="a">Amporn Jirattikorn</subfield>
    <subfield code="9">29929</subfield>
  </datafield>
  <datafield tag="245" ind1="1" ind2="0">
    <subfield code="a">Managing migration in Myanmar and Thailand : </subfield>
    <subfield code="b">economic reforms, policies, practices and challenges /</subfield>
    <subfield code="c">Amporn Jirattikorn.</subfield>
  </datafield>
  <datafield tag="260" ind1=" " ind2=" ">
    <subfield code="a">Singapore :</subfield>
    <subfield code="b">ISEAS Publishing Institute of Southeast of Asian Studies,</subfield>
    <subfield code="c">2015.</subfield>
  </datafield>
  <datafield tag="300" ind1=" " ind2=" ">
    <subfield code="a">28 p. :</subfield>
    <subfield code="b">tables ;</subfield>
    <subfield code="c">21 cm.</subfield>
  </datafield>
  <datafield tag="490" ind1=" " ind2="0">
    <subfield code="a">Trends in Southeast Asia ;</subfield>
    <subfield code="v">TRS 9/2015</subfield>
  </datafield>
  <datafield tag="650" ind1=" " ind2="0">
    <subfield code="9">29934</subfield>
    <subfield code="a">Foreign workers, Burmese</subfield>
    <subfield code="z">Thailand</subfield>
    <subfield code="x">Government policy</subfield>
  </datafield>
  <datafield tag="651" ind1=" " ind2="0">
    <subfield code="9">29935</subfield>
    <subfield code="a">Thailand</subfield>
    <subfield code="x">Emigration and immigration</subfield>
    <subfield code="x">Government policy</subfield>
  </datafield>
  <datafield tag="651" ind1=" " ind2="0">
    <subfield code="9">29936</subfield>
    <subfield code="a">Myanmar</subfield>
    <subfield code="x">Emigration and immigration</subfield>
    <subfield code="x">Government policy</subfield>
  </datafield>
  <datafield tag="651" ind1=" " ind2="0">
    <subfield code="9">29937</subfield>
    <subfield code="a">Myanmar </subfield>
    <subfield code="x">Economic policy</subfield>
  </datafield>
  <datafield tag="850" ind1=" " ind2=" ">
    <subfield code="a">NALT</subfield>
  </datafield>
  <datafield tag="942" ind1=" " ind2=" ">
    <subfield code="2">lcc</subfield>
    <subfield code="c">GB</subfield>
  </datafield>
  <datafield tag="952" ind1=" " ind2=" ">
    <subfield code="0">0</subfield>
    <subfield code="1">0</subfield>
    <subfield code="2">lcc</subfield>
    <subfield code="4">0</subfield>
    <subfield code="7">0</subfield>
    <subfield code="8">CASEAN</subfield>
    <subfield code="a">NALT</subfield>
    <subfield code="b">NALT</subfield>
    <subfield code="d">2018-07-31</subfield>
    <subfield code="e">11</subfield>
    <subfield code="g">382.50</subfield>
    <subfield code="l">0</subfield>
    <subfield code="o">ASEAN DS 501 I59T no.9 2015</subfield>
    <subfield code="p">3961208573</subfield>
    <subfield code="r">2018-08-22 00:00:00</subfield>
    <subfield code="v">450.00</subfield>
    <subfield code="w">2018-07-31</subfield>
    <subfield code="y">GB</subfield>
  </datafield>
</record>
